000 00884nam a22003017a 4500
001 BR0600737
003 BR-BrBNA
005 20230928102056.0
007 ta
008 230509b bl.||||| |||| 00| 0 por d
040 _aBR-BrBNA
_bpor
_cBiblioteca Nacional de Agricultura
041 _a(Por)
072 _aE14; E71
_b0312
090 _ 0312 BR0600737
110 1 _aEmpresa Amazonense de Dendê, Manaus (Brasil)
_93775
245 1 _aRelatório de viagem ao segmento dendê do Programa de Desenvolvimento Rural Integrado - PDRI Amazonas
260 3 _aBrasília, DF (Brasil):
_c1984.
300 _a33 p.
500 _a9 tables
650 _aDENDÊ
650 _aPROJETO AGRÍCOLA
650 _aEXPORTAÇÃO
650 _aIMPORTAÇÃO
650 _aESTATÍSTICA DE PRODUÇÃO
650 _aDESENVOLVIMENTO RURAL
909 _a202309
_bLucia
_c55
_dLucia Elande
942 _cBK
999 _c69030
_d69030